| 000 | 00869cab a2200253 4500 | ||
|---|---|---|---|
| 001 | ABS59960 | ||
| 008 | 090401t1999 xxu||||| |||| 00| 0 eng d | ||
| 035 | _a(Sirsi) u91073 | ||
| 041 | _aeng | ||
| 100 | _aBirkbeck, D. | ||
| 245 | _aCarrot top | ||
| 260 | _c1999 | ||
| 350 | _a0 | ||
| 490 |
_aBuilding Homes _v(2) February 1999, 28-29(2) |
||
| 520 | _aExamines the implications of government planning guidance encouraging increased housing density, an aim which can be achieved more easily if space for car parking is kept to a minimum or excluded altogether. Discusses Bellway Homes` Boardwalk development at Poplar Dock in London. | ||
| 650 | _aCAR PARKING | ||
| 650 | _aDESIGN QUALITY | ||
| 650 | _aHOUSING DENSITY | ||
| 650 | _aHOUSING DESIGN | ||
| 650 | _aPLANNING GUIDANCE | ||
| 690 | _aHOUSING-DEVELOPMENT | ||
| 942 | _n0 | ||
| 948 | _c03/02/1999 | ||
| 999 |
_c57784 _d57784 |
||